| 000 | 00882cab a22002415a 4500 | ||
|---|---|---|---|
| 001 | L140608 | ||
| 008 | 071001e20070928xxko f 000 0 eng d | ||
| 035 | _a(Sirsi) u140608 | ||
| 041 | 0 | _aeng | |
| 100 | 1 | _aSmith, Duncan | |
| 245 | 0 | 0 |
_aSpecialist cost update _benvelopes |
| 260 | _c2007 | ||
| 490 | 0 |
_aBuilding _v272(8499) 28 September 2007, 64-68(5) |
|
| 520 | _aReviews the latest trends, costs and lead times for curtain walling, roofing and stone construction and restoration. Reveals that over the past 12 months the cost of a building's envelope has increased by 10% and that a similar rate is forecast for the next two years. | ||
| 590 | _aKA | ||
| 651 | 4 |
_aUnited Kingdom _y |
|
| 690 | _aBUILT ENVIRONMENT-BUILDING COSTS | ||
| 700 | 1 | _aWootton, Paul | |
| 700 | 1 | _aHarding, David | |
| 700 | 1 | _aGayle, Alan | |
| 710 | 2 |
_aGardiner and Theobald _9719 |
|
| 942 | _n0 | ||
| 999 |
_c79306 _d79306 |
||